L'Yonne en images - Statistiques

Statistiques générales
  • Ce quiz a été pris 63 fois
  • Le résultat moyen est 11 sur 18
Statistiques - réponses
Par images Hint Réponse % Correct
Préfecture Auxerre
98%
Club de football AJ Auxerre
84%
Sous-Préfecture Sens
84%
Spécialité Escargots de Bourgogne
82%
Entraîneur Guy Roux
76%
Vignoble Chablis
73%
Château Guédelon
69%
Ville Joigny
67%
Massif montagneux Morvan
65%
Basilique Vézelay
65%
Spécialité Gougères
63%
Écrivaine Colette
53%
Canal Canal du {Nivernais}
49%
Architecte Vauban
49%
Monument Fosse Dionne
47%
Espion Chevalier d'Éon
29%
Formation rocheuse Le Saussois
20%
Bataille médiévale Cravant
6%
Aucun quiz correspondant
Distribution des résultats
% des personnes avec chaque résultat
Percentile par nombre de réponses
Votre historique - résultats
Vous n’avez pas pris ce quiz